| 000 | 01324nam a2200241 i 4500 | ||
|---|---|---|---|
| 001 | bg | ||
| 111 | 2 |
_aOgólnopolska Konferencja Naukowo-Dydaktyczna Teorii Maszyn i Mechanizmów _n(18 ; _d2002 ; _cLądek-Zdrój). |
|
| 245 | 0 | 6 | _aXVIII Ogólnopolska Konferencja Naukowo-Dydaktyczna Teorii Maszyn i Mechanizmów. |
| 246 | 1 | 1 | _aXVIII Polish Scientific Conference on the Theory of Machines and Mechanisms |
| 260 |
_aWrocław : _bOficyna Wydawnicza PW, _c2002. |
||
| 300 |
_a422 s. : _bil. ; _c24 cm. |
||
| 490 | 1 |
_aPrace Naukowe Instytutu Konstrukcji i Eksploatacji Maszyn Politechniki Wrocławskiej = _aScientific Papers of the Institute of Machine Design and Operation of the Wrocław University of Technology = _aKonferencje. Conferences, _x0324-9646 ; _vnr 25 |
|
| 500 | _aTyt. równol.: XVIII Polish Scientific Conference on the Theory of Machines and Mechanisms. Nr serii gł.: 85. Miejsce i data konferencji: Lądek-Zdrój, 18-20 września 2002. - Streszcz. ang. przy ref. | ||
| 504 | _aBibliogr. przy ref. Indeks. | ||
| 650 | 9 |
_aMaszyny _xteoria |
|
| 655 | _aMateriały konferencyjne | ||
| 830 | 0 | _aPrace Naukowe Instytutu Konstrukcji i Eksploatacji Maszyn Politechniki Wrocławskiej | |
| 040 | _cBPK | ||
| 041 | 0 |
_apol _beng |
|
| 080 | _a621.01(061) | ||
| 942 | _cKS | ||
| 008 | s pl f |000 0 pol | ||
| 999 |
_c42484 _d42484 |
||
| 856 |
_uhttp://koha.tu.koszalin.pl/cgi-bin/koha/opac-detail.pl?biblionumber=42484 _yKatalog online BPK |
||